Naattudaivangal Samsarichu Thudangumpol (Record no. 119823)

MARC details
000 -LEADER
fixed length control field 00405nam a2200133Ia 4500
008 - FIXED-LENGTH DATA ELEMENTS--GENERAL INFORMATION
fixed length control field 211119s9999||||xx |||||||||||||| ||und||
082 ## - DEWEY DECIMAL CLASSIFICATION NUMBER
Classification number 390
Item number KOM-N
100 ## - MAIN ENTRY--PERSONAL NAME
Personal name Komath, Rajesh
245 #0 - TITLE STATEMENT
Title Naattudaivangal Samsarichu Thudangumpol
260 ## - PUBLICATION, DISTRIBUTION, ETC.
Name of publisher, distributor, etc. Mathrubhumi Books
Place of publication, distribution, etc. Kottayam
Date of publication, distribution, etc. 2013
300 ## - PHYSICAL DESCRIPTION
Extent 198p
650 ## - SUBJECT ADDED ENTRY--TOPICAL TERM
Topical term or geographic name entry element Social sciences
942 ## - ADDED ENTRY ELEMENTS (KOHA)
Koha item type BOOK
650 ## - SUBJECT ADDED ENTRY--TOPICAL TERM
Form subdivision Customs, etiquette & folklore Malayalam
General subdivision General Stack
Holdings
Withdrawn status Lost status Damaged status Not for loan Home library Current library Date acquired Cost, normal purchase price Total Checkouts Full call number Barcode Shelving location Date last seen Price effective from Koha item type
        SB LIBRARY SB LIBRARY 19/11/2021 160.00   390 KOM-N 00133311 GENERAL STACK 19/11/2021 19/11/2021 BOOK

Powered by Koha